01669nam a2200373 a 4500001001200000003000800012006001900020007001500039008004100054010001700095020001500112020001800127020002700145040002100172035002100193041001300214050002700227245018800254260003500442300001100477504006400488505016900552533015200721546006000873600004200933650003200975655002901007700002101036700006001057700001701117710001701134740001801151856012601169ebr10475837CaPaEBRm u cr cn|||||||||930802s1993 enk sb 001 0deng d z 93185652  z1855750023 z9781855750029 z9781849401487 (e-book) aCaPaEBRcCaPaEBR a(OCoLC)7292464491 aenghger14aBF109.F74bF743 1993eb00aFreud and Judaismh[electronic resource] /cedited by David Meghnagi ; including "Death and us" by Sigmund Freud, introduced and translated by Mark Solms ; foreword by Mortimer Ostow. aLondon :bKarnac Books,c1993. a174 p. aIncludes bibliographical references (p. 153-161) and index.0 apt. 1. Judaism and psychoanalysis -- pt. 2. Historical aspects -- pt. 3. Cultural aspects -- pt. 4. 'Moses and monotheism' -- pt. 5. Applied psychoanalysis studies. aElectronic reproduction.bPalo Alto, Calif. :cebrary,d2013.nAvailable via World Wide Web.nAccess may be limited to ebrary affiliated libraries. aEnglish translation of the German essay "Death and us."10aFreud, Sigmund,d1856-1939xReligion. 0aJudaism and psychoanalysis. 7aElectronic books.2local1 aMeghnagi, David.12aFreud, Sigmund,d1856-1939.tWir und der Tod.lEnglish.1 aSolms, Mark.2 aebrary, Inc.02aDeath and us.40uhttp://site.ebrary.com/lib/rucke/Doc?id=10475837zAn electronic book accessible through the World Wide Web; click to view